000 00499nam a2200181Ia 4500
003 GCL
008 140319s9999 xx 000 0 ara d
040 _aGCL /
_cGCL
082 0 4 _a813.03
_bد أ
100 1 _aرشيد بوجدرة
245 1 0 _aالف عام من الحنين /
_cرشيد بوجدرة
700 1 _aمرزاق بقطاش (ترجمة)
300 _a307
490 _aكتاب
_v0
650 0 4 _aالادب العربى
650 0 4 _aالقصص العربية
942 _2ddc
_cBK
999 _c42082
_d42082